| 000 | 01033nam a22003137a 4500 | ||
|---|---|---|---|
| 003 | CHAP | ||
| 005 | 20220329135842.0 | ||
| 008 | 971013s1973 r 00010 d | ||
| 010 | _a43309 | ||
| 011 | _a44281 | ||
| 035 | _a48419 | ||
| 040 | _cCHAP | ||
| 082 |
_a137 _bF7Y |
||
| 100 | 0 | 0 |
_aFrick, Willard B. _943277 |
| 245 | _aPsicología humanística | ||
| 260 |
_aBuenos Aires : _bGuadalupe, _c1973 |
||
| 300 | _a202 p. | ||
| 490 |
_aBiblioteca pedagógica. Problemática de la Educación _v; 17 |
||
| 590 |
_aBATCH-UPD _b10 _c20130110 _lUCH01 _h1715 |
||
| 590 |
_aBATCH-UPD _b10 _c20130410 _lUCH01 _h1059 |
||
| 590 |
_aBATCH-UPD _b10 _c20130914 _lUCH01 _h1019 |
||
| 590 |
_aCONVERSION _b10 _c20130109 _lUCH01 _h1324 |
||
| 650 | 1 | 4 |
_aPersonalidad. _987327 |
| 830 | 0 |
_aBiblioteca pedagógica. Problemática de la Educación _v; 17 _912458 |
|
| 901 | _aBK | ||
| 942 | _cLIBRO | ||
| 949 |
_a137 F7Y _bBC _cLIBRO _d33724000274007 _eLIBRO _h33186 _i48419 _mD _si |
||
| 949 |
_a137 F7Y _bBC _cLIBRO _d33724000274122 _eLIBRO _fc.3 _h33188 _i48419 _mD _si |
||
| 999 |
_c43309 _d43309 |
||